000 00506nam a2200181 a 4500
001 1269
005 20140414132115.0
008 041206s19uu xx 00 eng d
020 _a2894295871
050 _aFIC
_bSt847 1994
100 _aStevenson, Robert Louis
245 _aTreasure island /
_censon.
260 _aMontreal, Canada :
_bTormont Publications,Inc,
_c1994.
300 _a47 p. : ill. ; cm.
440 _aDiscovering the great classic
650 _aAdventures
_xFiction.
999 _c114881
_d114881